Zvýšenie kvality vzdelávania využitím spätnej väzby realizovanej pomocou LMS

Analýza vplyvu spätnej väzby realizovanej pomocou systému LMS Moodle na celkový výsledok dosiahnutý študentmi. Prieskum prebiehal dva semestre na Ekonomickej univerzite v Bratislave. Študenti riešili viacero zadaní. Súčasťou výskumu bolo vytvorenie elektronickej podpory pre daný študijný predmet.

Gespeichert in:
Bibliographische Detailangaben
1. Verfasser: Kultan, Jaroslav, 1960-
Format: Buchkapitel
Sprache:Slowakisch
Schlagworte:
Tags: Tag hinzufügen
Keine Tags, Fügen Sie das erste Tag hinzu!

MARC

LEADER 00000nla$a2200000$$$4500
001 0127042
005 20240502072440.5
041 0 |a slo 
044 |a SK 
245 1 0 |a Zvýšenie kvality vzdelávania využitím spätnej väzby realizovanej pomocou LMS  |c Jaroslav Kultan 
520 |a Analýza vplyvu spätnej väzby realizovanej pomocou systému LMS Moodle na celkový výsledok dosiahnutý študentmi. Prieskum prebiehal dva semestre na Ekonomickej univerzite v Bratislave. Študenti riešili viacero zadaní. Súčasťou výskumu bolo vytvorenie elektronickej podpory pre daný študijný predmet. 
610 2 0 |a vzdelávanie elektronické 
610 2 0 |a vzdelávanie vysokoškolské 
610 2 0 |a kvalita vzdelávania 
610 2 0 |a väzba spätná 
610 2 0 |a študenti 
610 2 0 |a učitelia 
610 2 0 |a prieskum informačný 
100 1 |a Kultan, Jaroslav, 1960-